000 00855nam a2200265 a 4500
001 17031
003 BD-RjUL
005 20211209000058.0
008 140216s1951 nyu 000 1 eng
035 _a(BD-RjUL)17088
040 _aDLC
_cDLC
_dDLC
_dOCoLC
_dDLC
_dBD-RjUL
_beng
041 _aeng
082 0 0 _a813.52
_bFIT 1951
100 1 _aFitzgerald, F. Scott
_q(Francis Scott),
_d1896-1940.
_952531
245 1 0 _aTender is the night :
_b a romance /
_cby F. Scott Fitzgerald.
260 _aNew York :
_bScribner,
_cc1951.
300 _axviii, 356 p. ;
_c22 cm.
650 0 _aAmerican fiction
_9241903
650 0 _aPsychiatrists
_vFiction.
_9241904
650 0 _aWealth
_xMoral and ethical aspects
_xFiction.
_952533
651 0 _aRiviera (France)
_xFiction.
_952534
942 _2ddc
_cBK
999 _c17031
_d17031